000 00546nam a2200241 a 4500
001 nice12345678
003 IN_TiNIC
005 20260116011621.0
008 050524s0000 a grp 000 0 urd
020 _a
_c100
082 0 0 _a231
_bQAL
100 _aQalander, John
245 _aLecture Mazhar-E-Khuda Par.
260 _a
_b
_c0000
300 _a29p
500 _aincludes index and biblioraphy
505 2 _aPlus Some Other Tracts
650 _aGod
700 1 _aQalander, John
902 _bSRS
942 _cBK
999 _c2923
_d2923